[Event "87o Campeonato Brasileiro Absoluto Final Aberta"]
[Site "Cuiaba MT"]
[Date "2021.10.30"]
[Round "4"]
[Board "35"]
[White "Kruger, Israel"]
[Black "Nunes Jr, Sidney"]
[Result "0-1"]
[WhiteElo "1882"]
[BlackElo "2084"]
[PlyCount "102"]
[EventDate "2021.10.28"]
[EventRounds "11"]
[EventCountry "BRA"]

1. d4 Nf6 2. c4 e6 3. g3 d5 4. Bg2 Be7 5. Nc3 O-O 6. Nf3 b6 7. cxd5 exd5 8. O-O
Bb7 9. b3 Nbd7 10. Bb2 Re8 11. Rc1 a6 12. Qc2 Bd6 13. e3 Ne4 14. Nxe4 dxe4 15.
Ne5 Nf6 16. Nc4 Bf8 17. Rfd1 Rc8 18. Bh3 Ra8 19. Ne5 Nd5 20. a3 f6 21. Nc4 g6
22. Bg2 Qe7 23. b4 Kh8 24. Qb3 Rad8 25. Rc2 Qe6 26. Rdc1 h5 27. Nd2 Qf5 28. Qc4
h4 29. Qe2 hxg3 30. hxg3 Rd7 31. Kf1 Rh7 32. Ke1 Rh2 33. Qf1 Bd6 34. Qg1 Qh5
35. Nf1 Rxg2 36. Qxg2 Kg8 37. Kd2 a5 38. bxa5 bxa5 39. Re1 Ba6 40. Kc1 Bd3 41.
Rd2 Rb8 42. Rxd3 exd3 43. Nd2 Nc3 44. Qc6 Ne2+ 45. Kb1 Bxa3 46. Nc4 d2 47. Nxd2
Rxb2+ 48. Ka1 Rb8 49. Rh1 Bb2+ 50. Kb1 Qf5+ 51. Ne4 Qxe4+  0-1

[Event "87o Campeonato Brasileiro Absoluto Final Aberta"]
[Site "Cuiaba MT"]
[Date "2021.10.30"]
[Round "4"]
[Board "36"]
[White "Piccoli, Lucas Fonseca"]
[Black "Leite, Coraci De Jesus"]
[Result "1-0"]
[WhiteElo "2075"]
[BlackElo "1763"]
[PlyCount "57"]
[EventDate "2021.10.28"]
[EventRounds "11"]
[EventCountry "BRA"]

1. c4 b6 2. Nc3 Bb7 3. e4 e6 4. g3 Bb4 5. Nge2 Ne7 6. Bg2 O-O 7. O-O e5 8. d4
Ng6 9. Nd5 Bd6 10. f4 exd4 11. Nxd4 Ne7 12. e5 Bxd5 13. exd6 Bxg2 14. dxe7 Qxe7
15. Kxg2 c5 16. Nf3 Nc6 17. Bd2 Rad8 18. Re1 Qf6 19. Bc3 Qf5 20. Qd5 Qc2+ 21.
Qd2 Qf5 22. Nh4 Qh5 23. Qd5 Qxd5+ 24. cxd5 Nb8 25. Nf5 f6 26. Re7 Rf7 27. Rae1
Na6 28. Rxf7 Kxf7 29. Re7+  1-0

[Event "87o Campeonato Brasileiro Absoluto Final Aberta"]
[Site "Cuiaba MT"]
[Date "2021.10.30"]
[Round "4"]
[Board "37"]
[White "Deus Filho, Joaquim De"]
[Black "Veiga, Emerson De Sousa"]
[Result "0-1"]
[WhiteElo "1868"]
[BlackElo "2072"]
[PlyCount "48"]
[EventDate "2021.10.28"]
[EventRounds "11"]
[EventCountry "BRA"]

1. e4 c5 2. Nc3 Nc6 3. g3 g6 4. Bg2 Bg7 5. d3 d6 6. Be3 Rb8 7. Qd2 b5 8. Nge2
b4 9. Nd1 Nd4 10. h3 Qb6 11. Nc1 e6 12. c3 Nc6 13. Ne2 Ba6 14. f4 Nge7 15. g4
O-O 16. f5 Ne5 17. Nc1 bxc3 18. bxc3 exf5 19. gxf5 gxf5 20. Bh6 fxe4 21. Bxe4
d5 22. Bxg7 Kxg7 23. Qg5+ N7g6 24. Bxg6 Nf3+  0-1

[Event "87o Campeonato Brasileiro Absoluto Final Aberta"]
[Site "Cuiaba MT"]
[Date "2021.10.30"]
[Round "4"]
[Board "38"]
[White "Andrade, Roberto Luiz Costa"]
[Black "Correa, Joao Pedro Vieira"]
[Result "1/2-1/2"]
[WhiteElo "2060"]
[BlackElo "1750"]
[PlyCount "62"]
[EventDate "2021.10.28"]
[EventRounds "11"]
[EventCountry "BRA"]

1. e4 c5 2. Nf3 d6 3. d4 cxd4 4. Nxd4 Nf6 5. Nc3 a6 6. Bg5 e6 7. f4 Be7 8. Qf3
Qc7 9. O-O-O Nbd7 10. g4 b5 11. Bxf6 Nxf6 12. g5 Nd7 13. f5 Bxg5+ 14. Kb1 O-O
15. fxe6 Nb6 16. Qh5 Bf6 17. exf7+ Qxf7 18. Qxf7+ Rxf7 19. Be2 Be5 20. h3 Bd7
21. Nd5 Nxd5 22. exd5 Rf2 23. Bg4 Bxg4 24. hxg4 Bxd4 25. Rxd4 Rc8 26. c3 Re8
27. Rb4 Re5 28. Rd1 Ree2 29. a4 bxa4 30. Ka2 Kf7 31. Rdd4 Kg6  1/2-1/2

[Event "87o Campeonato Brasileiro Absoluto Final Aberta"]
[Site "Cuiaba MT"]
[Date "2021.10.30"]
[Round "4"]
[Board "39"]
[White "Soares, Joao Carlos T. C."]
[Black "Arruda Filho, Ivo Pereira De"]
[Result "1-0"]
[WhiteElo "2056"]
[BlackElo "1718"]
[PlyCount "117"]
[EventDate "2021.10.28"]
[EventRounds "11"]
[EventCountry "BRA"]

1. d4 c6 2. c4 d5 3. Nc3 e6 4. e3 Nf6 5. Nf3 Bd6 6. Bd3 Nbd7 7. O-O O-O 8. b3
Re8 9. Bb2 Nf8 10. e4 dxe4 11. Nxe4 Nxe4 12. Bxe4 Ng6 13. Qc2 f5 14. Bd3 Nf4
15. Rad1 Qf6 16. Rfe1 Qg6 17. Bf1 Bd7 18. Kh1 Rad8 19. Qc1 Qh5 20. Ba3 Bc7 21.
Bb4 h6 22. Bd2 g5 23. Ne5 Bxe5 24. dxe5 Bc8 25. Bxf4 Rxd1 26. Rxd1 gxf4 27. f3
Qh4 28. Kg1 Rd8 29. Rxd8+ Qxd8 30. Qxf4 Qb6+ 31. Kh1 Qf2 32. Qg3+ Qxg3 33. hxg3
c5 34. Kg1 Kf7 35. Kf2 Kg6 36. Ke3 Kg5 37. Be2 Bd7 38. f4+ Kg6 39. g4 fxg4 40.
Bxg4 b6 41. Bf3 Kf5 42. g4+ Kg6 43. Be4+ Kf7 44. f5 h5 45. fxe6+ Bxe6 46. gxh5
Kg7 47. Kf4 a6 48. Kg5 Bd7 49. Bg6 b5 50. h6+ Kh8 51. Bf5 Bc6 52. a3 a5 53.
cxb5 Bxb5 54. a4 Bc6 55. Be6 Kh7 56. Bc4 Be8 57. Bd3+ Kg8 58. Kf6 Bh5 59. e6
 1-0

[Event "87o Campeonato Brasileiro Absoluto Final Aberta"]
[Site "Cuiaba MT"]
[Date "2021.10.30"]
[Round "4"]
[Board "41"]
[White "Franca Junior, Jairo"]
[Black "De Oliveira, Aquiles Machado"]
[Result "1-0"]
[WhiteElo "1755"]
[BlackElo "2059"]
[PlyCount "108"]
[EventDate "2021.10.28"]
[EventRounds "11"]
[EventCountry "BRA"]

1. e4 c5 2. Nf3 Nc6 3. d4 cxd4 4. Nxd4 g6 5. c4 Nf6 6. Nc3 d6 7. Be2 Nxd4 8.
Qxd4 Bg7 9. O-O O-O 10. Bg5 h6 11. Bh4 g5 12. Bg3 Nh5 13. Qd2 Nxg3 14. hxg3 Qa5
15. Rac1 Be6 16. Rfd1 Rfc8 17. Nd5 Qxd2 18. Rxd2 Kf8 19. Rdc2 Rc6 20. b4 Rac8
21. Bd3 Bd4 22. Kf1 a6 23. a4 a5 24. b5 Rc5 25. Ke2 Rb8 26. Rh1 Bg7 27. Ke3 Bd7
28. Kf3 e6 29. Ne3 Ke7 30. Rcc1 b6 31. Rh5 Bc8 32. Ke2 Bb7 33. f3 Be5 34. Rxh6
Bxg3 35. Rch1 Bf4 36. Rh7 Rf8 37. R1h3 Rg8 38. Ng4 d5 39. exd5 exd5 40. Nh6 Rf8
41. Nxf7 Rxf7 42. Rxf7+ Kxf7 43. Rh7+ Kf8 44. Rxb7 dxc4 45. Be4 Bc7 46. Kd2 c3+
47. Kc2 Ke7 48. Ra7 Ke6 49. g4 Ke5 50. Bc6 Kd6 51. Ra8 Ke7 52. Re8+ Kf7 53. Re3
Be5 54. Rd3 Rc4  1-0

[Event "87o Campeonato Brasileiro Absoluto Final Aberta"]
[Site "Cuiaba MT"]
[Date "2021.10.30"]
[Round "4"]
[Board "42"]
[White "Valcarcel, Victor Ignacio Dos Santos"]
[Black "Proudian, Armen"]
[Result "0-1"]
[WhiteElo "1879"]
[BlackElo "2427"]
[PlyCount "52"]
[EventDate "2021.10.28"]
[EventRounds "11"]
[EventCountry "BRA"]

1. e4 e5 2. Bc4 Nf6 3. d3 c6 4. Nf3 d5 5. Bb3 Bb4+ 6. c3 Bd6 7. Bg5 dxe4 8.
dxe4 h6 9. Bh4 Qe7 10. Nbd2 Bc7 11. Qe2 Nbd7 12. O-O Nc5 13. Bc2 g5 14. Bg3 Nh5
15. b4 Ne6 16. Nc4 Nef4 17. Qd1 Ng7 18. Ne3 Qf6 19. Nd2 Be6 20. Ndc4 Rd8 21.
Qf3 g4 22. Nxg4 Nh3+ 23. Kh1 Qxf3 24. gxf3 Bxc4 25. Rfd1 Rxd1+ 26. Rxd1 Be2  0-1

[Event "87o Campeonato Brasileiro Absoluto Final Aberta"]
[Site "Cuiaba MT"]
[Date "2021.10.30"]
[Round "4"]
[Board "43"]
[White "Lima, Carlos Eduardo I De Araujo"]
[Black "Silva, Lucas Henrique Da"]
[Result "0-1"]
[WhiteElo "1815"]
[BlackElo "2158"]
[PlyCount "82"]
[EventDate "2021.10.28"]
[EventRounds "11"]
[EventCountry "BRA"]

1. d4 Nf6 2. Nf3 g6 3. Bf4 Bg7 4. e3 O-O 5. Bd3 d6 6. Nbd2 Nbd7 7. Bg3 c5 8. c3
b6 9. e4 Nh5 10. O-O Nxg3 11. hxg3 Rb8 12. Re1 Qc7 13. Nf1 e6 14. Rc1 b5 15.
Bb1 Rd8 16. Qd2 Qb6 17. d5 e5 18. Nh4 Nf6 19. Rcd1 Ng4 20. Nh2 c4 21. Qe2 h5
22. Nxg4 Bxg4 23. Nf3 Bh6 24. b4 cxb3 25. axb3 Rdc8 26. c4 bxc4 27. bxc4 Qc5
28. Bd3 a5 29. Qa2 Rb4 30. Ra1 a4 31. Reb1 Rcb8 32. Rxb4 Rxb4 33. Ne1 Bd7 34.
Bf1 Rb3 35. Bd3 Qb4 36. Bc2 Rb2 37. Qa3 Qxa3 38. Rxa3 Bd2 39. Bxa4 Bxa4 40.
Rxa4 Bxe1 41. f3 Bxg3  0-1

[Event "87o Campeonato Brasileiro Absoluto Final Aberta"]
[Site "Cuiaba MT"]
[Date "2021.10.30"]
[Round "4"]
[Board "44"]
[White "Uczai, Joao Pedro Filimberti"]
[Black "Passos, Rafael Moreira"]
[Result "1-0"]
[WhiteElo "2058"]
[BlackElo "1893"]
[PlyCount "45"]
[EventDate "2021.10.28"]
[EventRounds "11"]
[EventCountry "BRA"]

1. e4 c5 2. b3 Nc6 3. Bb2 e5 4. f4 exf4 5. Nf3 Nf6 6. Nc3 Be7 7. Be2 d6 8. O-O
O-O 9. d4 d5 10. Nxd5 Nxe4 11. Nxe7+ Nxe7 12. Bd3 Nf6 13. c4 Ng4 14. Qd2 Ne3
15. Rf2 cxd4 16. Nxd4 N3f5 17. Rxf4 Re8 18. Re1 g6 19. Bxf5 Nxf5 20. Rxe8+ Qxe8
21. Nxf5 Bxf5 22. Rxf5 Qe4 23. Qc3  1-0

[Event "87o Campeonato Brasileiro Absoluto Final Aberta"]
[Site "Cuiaba MT"]
[Date "2021.10.30"]
[Round "4"]
[Board "45"]
[White "Boabaid, Jorge Alberto Duardes"]
[Black "Dantas, Neimar De Oliveira"]
[Result "0-1"]
[WhiteElo "1712"]
[BlackElo "2030"]
[PlyCount "74"]
[EventDate "2021.10.28"]
[EventRounds "11"]
[EventCountry "BRA"]

1. e4 c5 2. Nf3 Nc6 3. d4 cxd4 4. Nxd4 e5 5. Nb5 d6 6. N1c3 a6 7. Na3 b5 8. Nd5
Nf6 9. Bg5 Be7 10. Bxf6 Bxf6 11. c3 Bg5 12. Nc2 Ne7 13. Nce3 O-O 14. Bd3 Bxe3
15. Nxe3 Be6 16. O-O d5 17. exd5 Nxd5 18. Nxd5 Qxd5 19. Qe2 f5 20. f3 Rad8 21.
Rfd1 Qc5+ 22. Kh1 Rfe8 23. Qc2 g6 24. a4 Rd6 25. axb5 axb5 26. Ra5 Red8 27. Qe2
Qc4 28. Ra8 Rxa8 29. Bxc4 Bxc4 30. Qe1 Rxd1 31. Qxd1 e4 32. h4 e3 33. b3 e2 34.
Qe1 Rd8 35. Kg1 Rd1 36. Kf2 Rxe1 37. Kxe1 Bd3  0-1

[Event "87o Campeonato Brasileiro Absoluto Final Aberta"]
[Site "Cuiaba MT"]
[Date "2021.10.30"]
[Round "4"]
[Board "46"]
[White "Bandeira, Tarciano"]
[Black "Moyses Sobrinho, Elias"]
[Result "1/2-1/2"]
[WhiteElo "2026"]
[BlackElo "1858"]
[PlyCount "134"]
[EventDate "2021.10.28"]
[EventRounds "11"]
[EventCountry "BRA"]

1. e4 d5 2. exd5 Nf6 3. d4 Nxd5 4. Nf3 Bf5 5. Bd3 Bxd3 6. Qxd3 e6 7. O-O c6 8.
Nc3 Nxc3 9. bxc3 Be7 10. Bf4 Nd7 11. Rab1 b6 12. c4 O-O 13. Rfe1 Nf6 14. Ne5
Rc8 15. c3 Nd7 16. Ng4 Bg5 17. Bd6 Re8 18. c5 bxc5 19. Rb7 cxd4 20. Qxd4 c5 21.
Qa4 Nb6 22. Qxa7 Qxd6 23. Rxb6 Qd2 24. Reb1 Qxc3 25. h3 h5 26. Nh2 Ra8 27. Qc7
Rxa2 28. Rb8 Ra8 29. R8b3 Qc2 30. Nf3 Ra2 31. Qg3 Bf4 32. Qh4 Rea8 33. Ne1 Qf5
34. g4 hxg4 35. hxg4 Qg5 36. Rb8+ Bxb8 37. Qxg5 Bd6 38. Rd1 Bf8 39. Rd7 Ra1 40.
Kf1 R1a7 41. Rxa7 Rxa7 42. Qd8 Ra3 43. Qc8 g6 44. Ke2 Ra4 45. Nd3 Kg7 46. Nxc5
Bxc5 47. Qxc5 Rxg4 48. Qe5+ Kg8 49. f4 Rh4 50. Kf3 Rh5 51. Qb8+ Kg7 52. Qd8 Rf5
53. Ke4 Kh7 54. Qf8 Rf6 55. Qe7 Kg7 56. Qd8 Rf5 57. Qd4+ Kg8 58. Qd8+ Kg7 59.
Qc7 Kh7 60. Qc3 Rd5 61. Kf3 Rf5 62. Kg4 Rd5 63. Qf6 Rf5 64. Qd8 Rd5 65. Qe7 Rf5
66. Qc7 Kg7 67. Qc3+ Kg8  1/2-1/2

[Event "87o Campeonato Brasileiro Absoluto Final Aberta"]
[Site "Cuiaba MT"]
[Date "2021.10.30"]
[Round "4"]
[Board "47"]
[White "Alves Campelo, Danilo Cesar De L"]
[Black "Cruz, Natan Gomes"]
[Result "1-0"]
[WhiteElo "2017"]
[BlackElo "1815"]
[PlyCount "113"]
[EventDate "2021.10.28"]
[EventRounds "11"]
[EventCountry "BRA"]

1. e4 c6 2. Nc3 d5 3. Nf3 dxe4 4. Nxe4 Nf6 5. Qe2 Nxe4 6. Qxe4 Nd7 7. Bc4 e6 8.
d4 Nf6 9. Qd3 Qc7 10. O-O Bd6 11. a4 b6 12. Re1 Bb7 13. h3 O-O 14. Bg5 Nd7 15.
c3 c5 16. d5 e5 17. Bb5 a6 18. Bc6 f5 19. Bxd7 e4 20. Be6+ Kh8 21. Qe2 exf3 22.
Qxf3 f4 23. Qe4 Rae8 24. f3 c4 25. Bh4 b5 26. axb5 axb5 27. Bf2 Rf6 28. Qd4 Re7
29. Qb6 Qxb6 30. Bxb6 Re8 31. Kf1 b4 32. Bd4 Rff8 33. Ra7 Re7 34. Re4 Rfe8 35.
Ra4 bxc3 36. bxc3 Rf8 37. Kg1 h6 38. Rxc4 Ra8 39. Bc5 Rxe6 40. dxe6 Bxe4 41.
Bxd6 Bd5 42. Rxf4 Bxe6 43. c4 Ra2 44. c5 Bd5 45. Rd4 Bc6 46. Be5 Rc2 47. Bd6
Kg8 48. Rd1 Kf7 49. Rf1 Kf6 50. Rf2 Rc4 51. Re2 Bd5 52. Kf2 h5 53. g4 hxg4 54.
hxg4 Kf7 55. Re7+ Kf6 56. g5+ Kxg5 57. Re5+  1-0

[Event "87o Campeonato Brasileiro Absoluto Final Aberta"]
[Site "Cuiaba MT"]
[Date "2021.10.30"]
[Round "4"]
[Board "48"]
[White "Toth, Peter"]
[Black "Lima, Vinicius Taishun"]
[Result "1/2-1/2"]
[WhiteElo "2004"]
[BlackElo "1788"]
[PlyCount "89"]
[EventDate "2021.10.28"]
[EventRounds "11"]
[EventCountry "BRA"]

1. d4 Nf6 2. Nf3 c5 3. d5 b5 4. Bg5 d6 5. Bxf6 exf6 6. e3 a6 7. a4 b4 8. a5 g6
9. Nbd2 f5 10. Nc4 Nd7 11. Be2 Qc7 12. O-O Bg7 13. Nfd2 Nf6 14. Nb6 Ra7 15.
Ndc4 Bd7 16. Re1 O-O 17. Bf3 Re8 18. g3 Bb5 19. Bg2 Qd8 20. Rc1 h5 21. c3 bxc3
22. bxc3 Ne4 23. Bxe4 fxe4 24. Re2 Rb7 25. Ra2 Qe7 26. Kg2 Reb8 27. Qc2 Bxc4
28. Nxc4 Rb3 29. Rb2 Rxb2 30. Nxb2 Qe5 31. Qd2 Rb3 32. Nc4 Qf6 33. Qe2 Qf3+ 34.
Qxf3 exf3+ 35. Kxf3 Rxc3 36. Rxc3 Bxc3 37. Ke2 Kf8 38. Kd3 Be1 39. Ke2 Bb4 40.
e4 Ke7 41. f4 f6 42. Kf3 g5 43. f5 Bc3 44. g4 h4 45. h3  1/2-1/2

[Event "87o Campeonato Brasileiro Absoluto Final Aberta"]
[Site "Cuiaba MT"]
[Date "2021.10.30"]
[Round "4"]
[Board "49"]
[White "Panazzolo, Paulo Victor"]
[Black "De Andrade, Dalson Holanda Caval"]
[Result "1-0"]
[WhiteElo "1790"]
[BlackElo "2000"]
[PlyCount "61"]
[EventDate "2021.10.28"]
[EventRounds "11"]
[EventCountry "BRA"]

1. e4 c5 2. Nf3 d6 3. d4 cxd4 4. Nxd4 Nf6 5. Nc3 a6 6. Be2 e5 7. Nb3 Be6 8. O-O
Be7 9. Kh1 O-O 10. f4 Qc7 11. f5 Bc4 12. g4 d5 13. g5 Nxe4 14. Nxe4 dxe4 15. f6
Bxe2 16. Qxe2 Bd8 17. fxg7 Kxg7 18. Qh5 Qc6 19. Be3 Qg6 20. Qh4 Kh8 21. Nc5 Nc6
22. Nxe4 Nd4 23. Bxd4 exd4 24. Nf6 Bb6 25. Rf3 Rfc8 26. Rh3 Kg7 27. Qf4 Rh8 28.
Qe5 Qxc2 29. Nxh7+ Kg8 30. Nf6+ Kg7 31. Ne8+  1-0

[Event "87o Campeonato Brasileiro Absoluto Final Aberta"]
[Site "Cuiaba MT"]
[Date "2021.10.30"]
[Round "4"]
[Board "50"]
[White "Cavalcante, Rodrigo Moreira"]
[Black "Rezende, Uelton Fabricius Alves"]
[Result "1/2-1/2"]
[WhiteElo "1964"]
[BlackElo "1784"]
[PlyCount "84"]
[EventDate "2021.10.28"]
[EventRounds "11"]
[EventCountry "BRA"]

1. e4 e5 2. Nf3 Nc6 3. Bb5 a6 4. Ba4 Nf6 5. O-O Be7 6. d3 b5 7. Bb3 h6 8. c3
O-O 9. Re1 d6 10. h3 Na5 11. Bc2 c5 12. Nbd2 Nh5 13. Nxe5 Nf4 14. Nef3 Bxh3 15.
gxh3 Nxh3+ 16. Kg2 Qd7 17. Nf1 Qg4+ 18. Ng3 Nc6 19. Nh2 Nf4+ 20. Bxf4 Qxf4 21.
Qg4 Qf6 22. f4 g6 23. Nf3 Qg7 24. Kf2 b4 25. e5 bxc3 26. bxc3 Rfd8 27. d4 cxd4
28. cxd4 dxe5 29. dxe5 Nb4 30. Be4 Rac8 31. Red1 f5 32. Nxf5 gxf5 33. Qxg7+
Kxg7 34. Bxf5 Rxd1 35. Rxd1 Rf8 36. Be4 Rxf4 37. Ke3 Rg4 38. Rd7 Kf8 39. Rc7
Nxa2 40. Rc8+ Kg7 41. Nd4 Rg3+ 42. Kf4 Ra3  1/2-1/2

[Event "87o Campeonato Brasileiro Absoluto Final Aberta"]
[Site "Cuiaba MT"]
[Date "2021.10.30"]
[Round "4"]
[Board "51"]
[White "Vicentin, Marcos Tadeu"]
[Black "Messias, Jose Vitor Lamosa Prado"]
[Result "1-0"]
[WhiteElo "1961"]
[BlackElo "1762"]
[PlyCount "83"]
[EventDate "2021.10.28"]
[EventRounds "11"]
[EventCountry "BRA"]

1. e4 e5 2. Bc4 Nc6 3. Nc3 Bc5 4. d3 Na5 5. Nf3 Nxc4 6. dxc4 d6 7. Qd3 Ne7 8.
Na4 Bb6 9. c5 Ba5+ 10. Bd2 Bxd2+ 11. Qxd2 O-O 12. O-O-O b5 13. Nc3 b4 14. Nd5
Be6 15. Nxe7+ Qxe7 16. cxd6 cxd6 17. Qxb4 Bxa2 18. b3 Rab8 19. Qa3 Bxb3 20.
cxb3 a5 21. Rd3 Qa7 22. Rf1 Rb4 23. Nd2 f5 24. Nc4 Qc5 25. Kd1 fxe4 26. Re3 d5
27. Nd2 Rc8 28. Qb2 d4 29. Rxe4 a4 30. Rfe1 axb3 31. Rxe5 Qc2+ 32. Qxc2 bxc2+
33. Kc1 Rc3 34. Ra5 Rc8 35. Ree5 d3 36. Red5 Rc3 37. Ra7 h6 38. Rdd7 Rcb3 39.
Rxg7+ Kf8 40. Nxb3 Rxb3 41. Rgb7 Rc3 42. Rb8+  1-0

[Event "87o Campeonato Brasileiro Absoluto Final Aberta"]
[Site "Cuiaba MT"]
[Date "2021.10.30"]
[Round "4"]
[Board "53"]
[White "Damasceno, Enzo De Carvalho"]
[Black "De Souza Monteiro, Marcos Paulo"]
[Result "1-0"]
[WhiteElo "1692"]
[BlackElo "1942"]
[PlyCount "63"]
[EventDate "2021.10.28"]
[EventRounds "11"]
[EventCountry "BRA"]

1. c4 e5 2. Nc3 Nf6 3. Nf3 Nc6 4. g3 d5 5. cxd5 Nxd5 6. Bg2 Be6 7. O-O f6 8. a3
Qd7 9. d4 Nxc3 10. bxc3 e4 11. Nd2 f5 12. e3 O-O-O 13. c4 Nxd4 14. exd4 Qxd4
15. Qb3 Qxa1 16. Bb2 Qxf1+ 17. Nxf1 Rd3 18. Qa4 Bc5 19. Qa5 Bb6 20. Qe5 Re8 21.
Qxg7 Bxc4 22. Qxh7 Be6 23. Qg6 Bd7 24. h4 Rd1 25. h5 e3 26. fxe3 Rxe3 27. Kh2
Re2 28. h6 Rxf1 29. h7 Bg1+ 30. Kh3 f4+ 31. Kh4 Bd4 32. Bxd4  1-0

[Event "87o Campeonato Brasileiro Absoluto Final Aberta"]
[Site "Cuiaba MT"]
[Date "2021.10.30"]
[Round "4"]
[Board "54"]
[White "De Oliveira Filho, Fernando F"]
[Black "Okamura, Milton Kasuo"]
[Result "0-1"]
[WhiteElo "1638"]
[BlackElo "1937"]
[PlyCount "78"]
[EventDate "2021.10.28"]
[EventRounds "11"]
[EventCountry "BRA"]

1. d4 d5 2. c4 c6 3. Nc3 Nf6 4. e3 e6 5. Nf3 Nbd7 6. Bd3 dxc4 7. Bxc4 b5 8. Bd3
Bb7 9. O-O a6 10. e4 c5 11. d5 Qc7 12. dxe6 fxe6 13. Bg5 Be7 14. Re1 O-O 15. e5
Bxf3 16. gxf3 Nxe5 17. Bf4 Bd6 18. Bg3 Nxd3 19. Qxd3 Bxg3 20. fxg3 Qc6 21. Rad1
c4 22. Qd6 Qxf3 23. Qxe6+ Kh8 24. Re3 Qh5 25. Qe5 Qg6 26. Qd6 Qc2 27. Re2 Qf5
28. Re5 Qg4 29. Rd4 Qc8 30. Qe6 Qb7 31. Qe7 Qb6 32. Qd6 Qxd6 33. Rxd6 b4 34.
Na4 Rac8 35. Rxa6 c3 36. bxc3 bxc3 37. Nxc3 Rxc3 38. Kg2 Rfc8 39. Rae6 Ra3  0-1

[Event "87o Campeonato Brasileiro Absoluto Final Aberta"]
[Site "Cuiaba MT"]
[Date "2021.10.30"]
[Round "4"]
[Board "55"]
[White "Naief Moreira, Cleber"]
[Black "Rodrigues, Julliano De Araujo"]
[Result "0-1"]
[WhiteElo "1852"]
[BlackElo "1917"]
[PlyCount "94"]
[EventDate "2021.10.28"]
[EventRounds "11"]
[EventCountry "BRA"]

1. e4 e5 2. Nf3 Nc6 3. d4 exd4 4. c3 d5 5. exd5 Qxd5 6. cxd4 Bb4+ 7. Nc3 Bg4 8.
Be2 Bxf3 9. Bxf3 Qc4 10. Bxc6+ bxc6 11. Qe2+ Qxe2+ 12. Kxe2 Ne7 13. a3 Ba5 14.
b4 Bb6 15. Be3 Rd8 16. Kd3 Nf5 17. Ne2 c5 18. bxc5 Bxc5 19. Rhc1 Bb6 20. g4
Nxd4 21. Nxd4 c5 22. Rc4 O-O 23. Kc3 cxd4+ 24. Bxd4 Ba5+ 25. Kb3 Rd7 26. Rac1
Rfd8 27. Be3 Rd3+ 28. Ka4 Bd2 29. Bxd2 Rxd2 30. Rc8 g6 31. Rxd8+ Rxd8 32. Rc7
Rd4+ 33. Kb3 Rxg4 34. Rxa7 Rg2 35. a4 Rxf2 36. a5 Rxh2 37. a6 Rh1 38. Kb2 Rh5
39. Ra8+ Kg7 40. a7 Ra5 41. Kc3 h5 42. Kd2 Kf6 43. Kc3 h4 44. Kb4 Ra1 45. Kb5
Kg7 46. Kb6 h3 47. Rc8 h2  0-1

[Event "87o Campeonato Brasileiro Absoluto Final Aberta"]
[Site "Cuiaba MT"]
[Date "2021.10.30"]
[Round "4"]
[Board "56"]
[White "Baeta, Marcio Netto"]
[Black "Bisesar, Maycon Da Costa"]
[Result "1/2-1/2"]
[WhiteElo "1906"]
[BlackElo "1742"]
[PlyCount "113"]
[EventDate "2021.10.28"]
[EventRounds "11"]
[EventCountry "BRA"]

1. e4 d6 2. f4 Nf6 3. Nc3 g6 4. d4 Bg7 5. e5 dxe5 6. fxe5 Nd5 7. Bc4 Nb6 8. Bb3
Nc6 9. Be3 Na5 10. Qe2 Nxb3 11. axb3 Nd5 12. Bd2 O-O 13. Nxd5 Qxd5 14. Nf3 b6
15. c4 Qd8 16. Qe4 Bf5 17. Qe3 Bc8 18. Bc3 Bb7 19. O-O Bxf3 20. Rxf3 f5 21. d5
a5 22. e6 Bxc3 23. bxc3 Qd6 24. Rd1 a4 25. b4 c5 26. Qh6 Qe5 27. Re3 Qf6 28. d6
a3 29. Rh3 Qg7 30. Qxg7+ Kxg7 31. d7 a2 32. Ra1 f4 33. Rd3 Kf6 34. d8=Q Rfxd8
35. Rxd8 Rxd8 36. Rxa2 cxb4 37. cxb4 Kxe6 38. Re2+ Kf6 39. Kf2 e5 40. Rc2 Kf5
41. c5 Rc8 42. Ke1 bxc5 43. bxc5 Rc6 44. g3 g5 45. h4 h6 46. hxg5 hxg5 47. gxf4
gxf4 48. Kd1 Ke4 49. Ke2 Kd4 50. Kf3 Rxc5 51. Rd2+ Kc3 52. Rd8 Kc2 53. Ke4 Kc1
54. Rd7 Rc3 55. Kxe5 f3 56. Ke4 f2 57. Rf7  1/2-1/2

[Event "87o Campeonato Brasileiro Absoluto Final Aberta"]
[Site "Cuiaba MT"]
[Date "2021.10.30"]
[Round "4"]
[Board "57"]
[White "Ferreira, Thales Bond Dias"]
[Black "Cabral Teske, Luiz Fernando"]
[Result "1/2-1/2"]
[WhiteElo "1805"]
[BlackElo "1894"]
[PlyCount "43"]
[EventDate "2021.10.28"]
[EventRounds "11"]
[EventCountry "BRA"]

1. d4 Nf6 2. c4 g6 3. Nc3 d5 4. Nf3 Bg7 5. Bg5 Ne4 6. cxd5 Nxg5 7. Nxg5 e6 8.
Nf3 exd5 9. e3 O-O 10. Bd3 c6 11. O-O Bg4 12. h3 Bxf3 13. Qxf3 a5 14. Qd1 Nd7
15. Qc2 Nb6 16. b3 Re8 17. a3 Bf8 18. Qb2 Qe7 19. Ne2 Qd7 20. Rab1 Rec8 21.
Rfc1 Qd6 22. a4  1/2-1/2

[Event "87o Campeonato Brasileiro Absoluto Final Aberta"]
[Site "Cuiaba MT"]
[Date "2021.10.30"]
[Round "4"]
[Board "58"]
[White "Jordao Barbosa, Marcio"]
[Black "Melo, Igor De Souza"]
[Result "1-0"]
[WhiteElo "2183"]
[BlackElo "1710"]
[PlyCount "87"]
[EventDate "2021.10.28"]
[EventRounds "11"]
[EventCountry "BRA"]

1. e4 c5 2. Nf3 g6 3. d4 cxd4 4. Nxd4 Bg7 5. Nc3 Nc6 6. Be3 Nf6 7. Bc4 Qa5 8.
O-O O-O 9. Bb3 d6 10. h3 Bd7 11. Re1 Nxd4 12. Bxd4 Bc6 13. Qd2 Nd7 14. Rad1
Rae8 15. a3 Bxd4 16. Qxd4 Qc5 17. Qd2 b5 18. Qe2 a5 19. Nd5 b4 20. axb4 axb4
21. Kh1 Bxd5 22. Rxd5 Qa7 23. Qd2 Rb8 24. Rd4 Qa5 25. f4 Nc5 26. Bc4 Qb6 27. b3
Kg7 28. Rd5 Kg8 29. Re3 Ra8 30. f5 Ra1+ 31. Kh2 Rb8 32. fxg6 hxg6 33. Rg5 e6
34. Qe2 Qd8 35. Reg3 Qf6 36. h4 Kg7 37. e5 dxe5 38. Rf3 Qxg5 39. hxg5 Rh8+ 40.
Rh3 Rxh3+ 41. gxh3 e4 42. Qd2 e5 43. Qd5 Ra7 44. Qxc5  1-0

[Event "87o Campeonato Brasileiro Absoluto Final Aberta"]
[Site "Cuiaba MT"]
[Date "2021.10.30"]
[Round "4"]
[Board "59"]
[White "Fernandes, Pedro Guilherme Muniz"]
[Black "Mazetto, Sergio Luiz"]
[Result "0-1"]
[WhiteElo "1682"]
[BlackElo "2119"]
[PlyCount "72"]
[EventDate "2021.10.28"]
[EventRounds "11"]
[EventCountry "BRA"]

1. Nf3 d5 2. g3 Nf6 3. Bg2 Bf5 4. c4 e6 5. Qb3 Na6 6. d4 Nb4 7. Na3 a5 8. O-O
h6 9. Qa4+ c6 10. c5 b6 11. Bd2 bxc5 12. Bxb4 cxb4 13. Qxc6+ Nd7 14. Nb5 Rc8
15. Nd6+ Bxd6 16. Qxd6 Qb6 17. Qxb6 Nxb6 18. Rac1 Ke7 19. Ne5 Bc2 20. e4 dxe4
21. f3 e3 22. f4 e2 23. Rfe1 Bd1 24. Nd3 Rhd8 25. Rxc8 Rxc8 26. Bf3 Rc2 27. Kf2
Rd2 28. Ne5 Rxb2 29. Bxe2 Ba4 30. Kf3 Rxa2 31. Rc1 Nd5 32. Rc5 Bd7 33. Bc4 Ra3+
34. Kf2 b3 35. Bxb3 Rxb3 36. Rxa5 Rb7  0-1